[Event "EYCC Open U16 2018"]
[Site "Riga"]
[Date "2018.08.20"]
[Round "1"]
[White "Lomandong, Marc-Antoine"]
[Black "Shubin, Kirill"]
[Result "1/2-1/2"]
[WhiteElo "2045"]
[BlackElo "2374"]
[Annotator "NA"]
[PlyCount "41"]
[EventDate "2018.08.20"]
[EventType "swiss"]
[EventCountry "LAT"]
[SourceTitle "playchess.com"]
[Source "ChessBase"]
[SourceQuality "1"]
[TimeControl "40/5400+30:1800+30"]

1. d4 {[%emt 0:00:00]} e6 {[%emt 0:00:00]} 2. Nf3 {[%emt 0:00:00]} Nf6 {[%emt 0:00:00]} 3. b3 {[%emt 0:00:28]} b6 {[%emt 0:03:11]} 4. Bb2 {[%emt 0:02:05]} Bb7 {[%emt 0:00:12]} 5. Nbd2 {[%emt 0:00:09]} c5 {[%emt 0:06:45]} 6. e3 {[%emt 0:00:10]} Nc6 {[%emt 0:01:58] LiveBook: 6 Partien} 7. a3 {[%emt 0:03:42]} d5 {[%emt 0:08:43]} 8. Bd3 {[%emt 0:01:28]} Bd6 {[%emt 0:01:00]} 9. Ne5 {[%emt 0:00:46]} a6 {[%emt 0:05:08]} 10. f4 {[%emt 0:11:42]} b5 {[%emt 0:04:02]} 11. c3 {[%emt 0:11:44]} Ne7 $11 {[%emt 0:09:11]} 12. O-O {[%emt 0:05:08]} Ne4 {[%emt 0:06:44]} 13. c4 {[%emt 0:06:29]} Nf5 {[%emt 0:11:03]} 14. Qe2 {[%emt 0:09:20]} cxd4 {[%emt 0:12:32]} 15. cxd5 {[%emt 0:09:08]} Nxd2 {[%emt 0:02:49]} 16. Bxf5 {[%emt 0:01:17]} Nxf1 {[%emt 0:01:21]} 17. Nxf7 {[%emt 0:05:38]} Kxf7 {[%emt 0:01:10]} 18. Bxe6+ {[%emt 0:11:35]} Kf8 {[%emt 0:00:48]} 19. Bxd4 {[%emt 0:02:16]} Bc8 {[%emt 0:08:08]} 20. Bxg7+ {[%emt 0:04:19]} Kxg7 {[%emt 0:01:08]} 21. Qg4+ {[%emt 0:00:10]} 1/2-1/2

[Event "EYCC Open U16 2018"]
[Site "Riga"]
[Date "2018.08.21"]
[Round "2"]
[White "Baidetskyi, Valentin"]
[Black "Barseghyan, Armen Ar"]
[Result "0-1"]
[WhiteElo "2411"]
[BlackElo "2251"]
[Annotator "TA"]
[PlyCount "72"]
[EventDate "2018.08.20"]
[EventType "swiss"]
[EventCountry "LAT"]
[SourceTitle "playchess.com"]
[Source "ChessBase"]
[SourceQuality "1"]

{[%evp 12,72,4,-30,14,0,0,0,0,-17,28,0,0,-47,-33,-33,-45,-41,0,-39,-40,-79,-77,-75,-82,-91,-75,-80,-35,-105,-105,-119,-108,-193,-193,-184,-197,-195,-179,-190,-165,-218,-211,-246,-240,-297,-302,-555,-362,-377,-382,-606,-567,-577,-571,-569,-577,-995,-955,-1720,-1561,-29984,-1118]} 1. g3 d5 2. Bg2 c6 3. f4 g6 4. Nf3 Bg7 5. O-O Nf6 6. d3 O-O 7. c3 {LiveBook: 38 Games} c5 {A03: Bird's Opening with 1...d5} (7... Bg4 8. Ne5 Be6 9. Nd2 Nbd7 10. d4 Bf5 11. e3 h5 12. Qe2 Ne4 13. Nxe4 dxe4 14. Nxd7 Qxd7 15. b3 {0-1 (29) Bartel,M (2622)-Malakhov,V (2694) Berlin 2015}) 8. Qe1 d4 9. Na3 Nc6 {The position is equal.} 10. Bd2 $146 ({Predecessor:} 10. Nc2 e5 11. fxe5 Ng4 12. Bg5 Qb6 13. Rb1 Ngxe5 14. Nxe5 Nxe5 15. Qd2 {½-½ (26) Klein,V (2270)-Eis,H Baden 1996}) 10... Nd5 11. Nc4 Be6 12. h3 b5 13. Nce5 Nxe5 14. fxe5 Nb6 15. g4 Bd5 16. Qh4 Bxf3 17. Bxf3 Rc8 18. Bg5 Rc7 19. Bf4 e6 20. Bg5 {[#]} (20. Qxd8 $15 Rxd8 21. Rac1) 20... Qd7 $1 $17 21. Bf6 Na4 (21... Bxf6 $6 22. exf6 Kh8 23. g5 $11 (23. Qh6 Rg8 $11)) 22. g5 (22. c4 $17) 22... dxc3 $19 (22... Nxb2 23. Rfc1 $15 (23. Bxg7 Kxg7 24. Rac1 dxc3 $17)) 23. b3 Nb6 (23... Bxf6 24. exf6 Qd4+ 25. Qxd4 $14) 24. Be4 c4 25. dxc4 Qd4+ 26. Kh1 (26. Kh2 {was necessary.}) 26... bxc4 (26... Bxf6 27. exf6 h5 28. gxh6 $16) 27. Rad1 Qe3 28. b4 ({But not} 28. Bxg7 Kxg7 29. b4 Kg8) 28... Rd7 (28... Bxf6 29. exf6 h5 30. gxh6 $17) 29. Rd6 $2 (29. Rxd7 {was worth a try.} Nxd7 30. Qf4 Qxe2 31. Rf2 Qe1+ 32. Kh2) 29... Qxe2 30. Rf2 Qe3 ({Resist} 30... Qe1+ 31. Kg2 $19) 31. Kg2 ({Not} 31. Bxg7 Kxg7 32. Rf1 Rxd6 $19) (31. Rxd7 $142 Nxd7 32. Qf4 Qxf4 33. Rxf4) 31... Rxd6 32. exd6 Bxf6 33. gxf6 Rd8 34. Bf3 Rxd6 {[#] Strongly threatening ...Rd2.} 35. Qg3 e5 36. Qg4 Rxf6 {Precision: White = 22%, Black = 73%.} (36... Rd2 $142 37. Qg3 c2 38. h4 c1=Q 39. a4 Qce1 40. Be2 Qxg3+ 41. Kxg3 Rxe2 42. h5 Qxf2+ 43. Kh3 gxh5 44. b5 Qh2#) 0-1

[Event "EYCC Open U16 2018"]
[Site "Riga"]
[Date "2018.08.21"]
[Round "2"]
[White "Gorshtein, Ido"]
[Black "Maksimovic, Bojan"]
[Result "1-0"]
[WhiteElo "2375"]
[BlackElo "2241"]
[Annotator "TA"]
[PlyCount "83"]
[EventDate "2018.08.20"]
[EventType "swiss"]
[EventCountry "LAT"]
[SourceTitle "playchess.com"]
[Source "ChessBase"]
[SourceQuality "1"]

{[%evp 13,83,19,32,15,21,0,0,-1,11,20,14,13,33,12,18,18,22,-36,-22,-64,-72,-64,-33,-47,-31,-62,-61,-53,-31,-79,-77,-85,0,-10,0,0,0,0,0,0,0,0,0,0,58,25,111,111,123,106,107,-406,104,103,199,180,191,196,506,511,824,495,596,603,1015,999,1435,1324,1208,1147,29987,29988]} 1. e4 g6 2. d4 Bg7 3. Nc3 d6 4. Be3 a6 5. Qd2 b5 6. h4 {B06: Moderne Verteidigung} Nf6 7. f3 h5 {LiveBook: 55 Partien} (7... Nbd7 8. g4 h6 9. O-O-O Nb6 10. b3 Bb7 11. Nge2 Nfd7 12. Ng3 c5 13. h5 cxd4 14. Bxd4 {1-0 (21) Volokitin,A (2628)-Malakhov,V (2686) Riadh 2017}) 8. a3 {Weiß steht etwas besser.} c6 9. g3 $146 ({Vorgänger:} 9. O-O-O a5 10. e5 b4 11. exf6 bxc3 12. Qxc3 exf6 13. d5 c5 14. Bxc5 dxc5 15. Qxc5 Ba6 {½-½ (23) Mohammad,J (2147)-Murshed,N (2449) Dhaka 2016}) 9... Qc7 10. Nh3 Bxh3 11. Bxh3 Nbd7 {[%cal Bb8d7,Bd7b6,Bb6c4][%mdl 32]} 12. Rd1 Nb6 13. b3 a5 {[%cal Ba6a5,Ba5a4][%mdl 32]} 14. Qf2 O-O 15. Ne2 (15. O-O $11) 15... a4 $15 16. b4 Nc4 17. Bc1 Rad8 18. g4 $1 hxg4 19. Bxg4 Nxg4 20. fxg4 {[%cal Bf3g4,Bg4g5][%mdl 32]} Qd7 21. Qg2 {[#]} d5 $1 22. h5 {Droht h6 und aus.} e5 ({Lieber} 22... dxe4 $17 23. h6 Be5) 23. Qh3 {Droht stark hxg6.} Qe6 {zielt auf ...exd4 ab.} 24. h6 $40 {[%mdl 128] Weiss greift an.} Bf6 25. g5 $1 Qxh3 $1 26. Rxh3 Be7 27. dxe5 dxe4 28. Rxd8 Rxd8 {[#]} (28... Bxd8 $11 29. Nd4 e3) 29. e6 $1 {[%mdl 512]} fxe6 {[#]} (29... Kh7 $11) 30. h7+ $1 $16 Kg7 31. Nf4 Rh8 {Weiss muss nun ...e5 beachten.} 32. Nxe6+ Kf7 33. Nd4 c5 (33... e3 $16) 34. bxc5 $18 Bxc5 35. Nxb5 {Tc3 ist eine echte Drohung.} e3 $2 (35... Kg7 {ist eine bessere Chance.} 36. Rc3 Rb8) 36. Rh4 Ne5 (36... Be7 $142 37. Rf4+ Ke8 38. Rxc4 Rxh7 39. Bxe3 Rh5 40. Rxa4 Bxg5 41. Nd6+ Ke7) 37. Ke2 Ke6 38. Bb2 Kf5 39. Nd4+ Kxg5 40. Nf3+ Nxf3 41. Bxh8 Kxh4 42. Kxf3 {Precision: Weiß = 68%, Schwarz = 47%.} 1-0

[Event "EYCC Open U16 2018"]
[Site "Riga"]
[Date "2018.08.21"]
[Round "2"]
[White "Gatineau, Yovann"]
[Black "Mammadov, Sadig Teymur"]
[Result "1-0"]
[WhiteElo "2368"]
[BlackElo "2232"]
[Annotator "TA"]
[PlyCount "69"]
[EventDate "2018.08.20"]
[EventType "swiss"]
[EventCountry "LAT"]
[SourceTitle "playchess.com"]
[Source "ChessBase"]
[SourceQuality "1"]

{[%evp 20,68,43,0,28,0,19,0,0,2,45,11,33,29,35,23,32,29,165,145,156,164,143,153,159,160,157,152,159,162,131,118,155,143,131,117,125,114,118,91,91,91,90,90,79,90,96,95,338,348,29999]} 1. d4 Nf6 2. Nf3 g6 3. c4 Bg7 4. Nc3 O-O 5. e4 d6 6. h3 e5 7. d5 Nh5 8. g3 {E90: Königsindisch (Klassisches System)} f5 9. exf5 gxf5 10. Ng5 Qe8 11. c5 {LiveBook: 3 Partien. Droht Sb5 und aus.} (11. Be2 $5 {[%cal Re2h5]} Nf6 12. Kf1 $11) 11... Nf6 $1 12. Bc4 (12. Bb5 $5 {[%cal Rb5e8]} Qe7 13. Bc4 $11) 12... Kh8 $1 13. cxd6 cxd6 14. O-O $146 ({Vorgänger:} 14. Qd3 Na6 15. a3 Nc5 {0-1 (27) Raznikov,D (2488)-Rodshtein,M (2639) Acre 2013}) 14... Qe7 15. Qf3 Na6 16. Ne6 Bxe6 17. dxe6 Nc5 18. Be3 $1 {[%cal Re3c5] zielt auf Lxc5 ab.} ({Viel schlechter ist} 18. Qxf5 d5 $15) 18... Nce4 (18... Nxe6 $11 {und Schwarz muss sich keine Sorgen machen.} 19. Rfe1 (19. Qxf5 Nd4 $11) 19... Rac8) 19. Qxf5 $18 Nxc3 20. bxc3 d5 21. Bb3 (21. Qxe5 dxc4 22. Bc5 Nd7 $14) 21... Ne4 22. Qg4 Nxc3 23. Rac1 Rac8 24. Rxc3 ({Schlechter ist} 24. Bxa7 d4 $11) 24... Rxc3 25. Bxd5 Rd8 26. Be4 {[%mdl 1024] Weiss hat starke Kompensation.} Bf6 27. Rb1 b6 28. Qf5 Rd6 29. Rb5 Rxe6 30. Bd2 Rc7 31. Bb4 $40 {[%mdl 128] Weiss geht auf den König.} Qe8 32. Bd5 Rec6 33. Bxc6 Qxc6 $2 (33... Rxc6 $16 {kämpft weiter.} 34. Rd5 Qe6 35. Qxe6 Rxe6) 34. Rxe5 {[#] Droht stark Te6.} Bxe5 $2 (34... Bg7 $18 35. Re6 Qa8) 35. Qf8# {Precision: Weiß = 75%, Schwarz = 38%.} 1-0

[Event "EYCC Open U16 2018"]
[Site "Riga"]
[Date "2018.08.21"]
[Round "2"]
[White "Szpar, Milosz"]
[Black "Kizatbay, Abyl"]
[Result "1-0"]
[WhiteElo "2365"]
[BlackElo "2205"]
[Annotator "NA RC"]
[PlyCount "64"]
[EventDate "2018.08.20"]
[EventType "swiss"]
[EventCountry "LAT"]
[SourceTitle "playchess.com"]
[Source "ChessBase"]
[SourceQuality "1"]
[TimeControl "40/5400+30:1800+30"]

1. e4 {[%emt 0:00:00]} c5 {[%emt 0:00:00]} 2. Nf3 {[%emt 0:00:00]} d6 {[%emt 0:00:10]} 3. d4 {[%emt 0:00:12]} cxd4 {[%emt 0:00:10]} 4. Nxd4 {[%emt 0:00:17]} Nf6 {[%emt 0:00:17]} 5. Nc3 {[%emt 0:00:17]} a6 {[%emt 0:00:20]} 6. Bg5 {[%emt 0:00:35]} Nbd7 {[%emt 0:00:20]} 7. Qe2 {[%emt 0:00:40]} h6 {[%emt 0:01:21]} 8. Bh4 {[%emt 0:00:51]} g6 {[%emt 0:00:29]} 9. f4 {[%emt 0:00:24]} e5 {[%emt 0:00:12]} 10. fxe5 {[%emt 0:00:51]} dxe5 {[%emt 0:00:15]} 11. O-O-O {[%emt 0:01:58]} Qc7 {[%emt 0:01:19]} 12. Nb3 {[%emt 0:00:36]} b5 {[%emt 0:00:28]} 13. Qf3 {[%emt 0:03:46]} Bg7 $1 {[%emt 0:01:09]} 14. a3 {[%emt 0:03:05]} O-O {[%emt 0:04:20]} 15. Be2 {[%emt 0:01:18]} Bb7 {[%emt 0:04:22]} 16. Rd2 $11 {[%emt 0:06:53]} Bc6 {[%emt 0:15:14]} 17. Rhd1 {[%emt 0:07:29]} Rab8 {[%emt 0:03:21]} 18. Nd5 {[%emt 0:16:42]} Nxd5 {[%emt 0:16:40]} 19. exd5 {[%emt 0:00:07]} Ba8 {[%emt 0:00:23]} 20. Be7 {[%emt 0:07:58]} Rfe8 {[%emt 0:10:49]} 21. Qh3 {[%emt 0:02:18]} Rbc8 {[%emt 0:10:37]} 22. d6 {[%emt 0:03:57]} Qa7 {[%emt 0:00:44]} 23. Rf1 {[%emt 0:01:44]} e4 {[%emt 0:05:50]} 24. c3 {[%emt 0:13:50]} Rb8 {[%emt 0:10:20]} 25. g4 {[%emt 0:09:20]} a5 {[%emt 0:02:18]} 26. Nd4 {[%emt 0:01:01]} b4 {[%emt 0:00:57]} 27. Rxf7 {[%emt 0:02:43]} bxc3 {[%emt 0:02:11]} 28. Rxg7+ {[%emt 0:02:46]} Kxg7 {[%emt 0:00:03]} 29. Ne6+ {[%emt 0:01:27]} Kh7 {[%emt 0:04:00]} 30. Ng5+ {[%emt 0:01:34]} Kg7 {[%emt 0:01:29]} 31. Qxc3+ {[%emt 0:00:11]} Kg8 {[%emt 0:01:32]} 32. Bc4+ {[%emt 0:00:07]} Bd5 {[%emt 0:00:18]} 1-0

[Event "EYCC Open U16 2018"]
[Site "Riga"]
[Date "2018.08.21"]
[Round "2"]
[White "Veiga, Jose Francisco R P "]
[Black "Sonis, Francesco"]
[Result "1/2-1/2"]
[WhiteElo "2258"]
[BlackElo "2468"]
[Annotator "TA"]
[PlyCount "112"]
[EventDate "2018.08.20"]
[EventType "swiss"]
[EventCountry "LAT"]
[SourceTitle "playchess.com"]
[Source "ChessBase"]
[SourceQuality "1"]

{[%evp 20,112,33,24,22,8,33,11,11,11,44,38,85,88,83,71,82,75,79,79,89,95,85,77,79,88,77,0,0,0,0,-20,-20,-20,-25,-50,-25,-50,-31,-33,-33,-67,0,0,-1,-9,0,0,0,0,0,0,0,0,0,0,0,0,0,0,0,0,0,0,-8,-8,-4,-2,0,0,0,0,0,0,0,0,0,0,0,0,0,0,0,0,0,0,0,0,0,0,0,0,0,0,0]} 1. e4 e5 2. Nf3 Nc6 3. Bb5 a6 4. Ba4 g6 5. O-O Bg7 6. c3 d6 7. h3 Bd7 8. d4 Nf6 {C76: Ruy Lopez: Deferred Steinitz: 5 c3 Bd7 6 d4 g6} 9. Re1 O-O 10. d5 (10. Nbd2 h6 11. Nf1 Re8 12. Ng3 b5 13. Bc2 exd4 14. cxd4 Nb4 15. Bb1 c5 16. d5 a5 17. a3 Na6 18. Bf4 {1-0 (57) Ivanchuk,V (2726)-Mamedyarov,S (2799) Huaian 2017}) 10... Ne7 11. Bxd7 {LiveBook: 4 Games} Qxd7 12. c4 c6 13. Nc3 cxd5 $146 ({Predecessor:} 13... h6 14. Be3 c5 15. Nd2 Nh7 16. Qa4 {1-0 (39) Robak,Z (2204)-Sztwiertnia,K (2128) Poronin 2016}) 14. cxd5 Rac8 15. a4 b5 16. axb5 axb5 17. Qb3 Rb8 18. Ra5 {[%cal Ra5b5]} b4 19. Na2 Rfc8 20. Bd2 Qc7 21. Ra4 Qc4 22. Qxc4 Rxc4 23. Rxb4 ({Much worse is} 23. Nxb4 $6 Nxe4 24. b3 Nc5 $11) (23. Bg5 $16) 23... Rbxb4 $11 24. Bxb4 Rxe4 25. Bxd6 {[#] Strongly threatening Rxe4.} Rxe1+ 26. Nxe1 Nfxd5 27. b4 {[%cal Bb2b4,Bb4b5,Bb5b6,Bb6b7][%mdl 32]} Nc6 28. Nf3 e4 29. Nd2 f5 30. Nc4 Bf8 (30... Bd4 $15) 31. Bxf8 {The position is equal.} Kxf8 {[%mdl 4096] Endgame KNN-KNN} 32. b5 Nd4 33. b6 Ke7 34. b7 Nc6 35. Nc1 Kd8 36. Nb3 Kc7 37. g4 Nf4 38. gxf5 gxf5 39. h4 Ne6 40. Ne3 Ne7 41. Na5 Nc5 42. Kg2 f4 43. Nec4 Nf5 {...h5 is the strong threat.} 44. h5 h6 45. Kh3 e3 46. fxe3 fxe3 47. Kg2 e2 48. Kf2 Nd4 49. Ne5 Ne4+ 50. Ke1 Ng3 51. Nd3 Nxh5 52. Kf2 Nf6 53. Ke3 Ne6 54. Kxe2 Nd7 55. Kf3 Kb6 56. Kg4 Kxa5 {Precision: White = 80%, Black = 64%.} 1/2-1/2

[Event "EYCC Open U16 2018"]
[Site "Riga"]
[Date "2018.08.21"]
[Round "2"]
[White "Sama Salinas, Hector"]
[Black "Zarubitski, Viachaslau"]
[Result "0-1"]
[WhiteElo "2257"]
[BlackElo "2416"]
[Annotator "TA"]
[PlyCount "102"]
[EventDate "2018.08.20"]
[EventType "swiss"]
[EventCountry "LAT"]
[SourceTitle "playchess.com"]
[Source "ChessBase"]
[SourceQuality "1"]

{[%evp 18,102,3,0,-2,-23,-22,-26,0,-18,11,-19,-23,-14,-10,-69,-28,-33,-22,-37,-2,-8,0,0,44,23,60,0,121,0,0,0,66,57,87,-87,-41,-206,-129,-215,-216,-210,-224,-222,-190,-243,-111,-123,-101,-120,0,-388,-406,-381,-376,-529,-506,-525,-513,-421,-257,-270,-270,-222,-270,-252,-252,-233,-208,-371,-338,-298,-239,-637,-637,-623,-326,-637,-637,-630,-623,-623,-616,-510,-395,-29983,-294]} 1. Nf3 d5 2. g3 Bf5 3. Bg2 c6 4. O-O e6 5. d3 Nf6 6. Nbd2 h6 7. Qe1 Bh7 8. e4 Be7 9. Ne5 {A07: Réti Opening: New York and Capablanca Systems} O-O 10. f4 {LiveBook: 16 Games} a5 11. Kh1 {The position is equal.} a4 $146 ({Predecessor:} 11... Qc7 12. a4 Na6 13. Qe2 Rad8 14. Nb3 Nc5 15. Nxc5 Bxc5 16. Be3 Bxe3 17. Qxe3 {½-½ (39) Tasic,V (2491)-Dyakov,A (2157) LSS email 2008}) 12. a3 Re8 13. g4 {next g5 is good for White.} Nfd7 14. Nxd7 Nxd7 15. Qg3 Ra5 16. f5 (16. e5 $11) 16... exf5 17. exf5 Bh4 18. Qh3 Bg5 19. Nf3 Bxc1 20. Raxc1 Qf6 21. Qg3 Rb5 22. Rfe1 (22. Rce1 $14 Rc8 23. h4) 22... Rc8 (22... Rf8 $11 {keeps the balance.}) 23. c4 (23. h4 $1 $16) 23... dxc4 $11 24. dxc4 Rxb2 ({Better is} 24... Rb3 $1 $11) 25. Rcd1 $1 $14 {[%cal Rd1d7]} Nf8 26. Qf4 $2 (26. Nd2 $1 $16 {[%cal Rd2e4]} Rd8 27. Ne4) 26... Ra2 {[%cal Bb2a2,Ba2a3,Ba3b3][%mdl 32]} 27. Qe4 $2 ({White should play} 27. c5 $1 $15) 27... Rxa3 28. Qe7 (28. c5 $17) 28... Qxe7 $19 29. Rxe7 Rb3 30. Ne5 a3 {And now ...a2 would win.} 31. Nxf7 a2 (31... Ra8 $1 $19 {is more deadly.} 32. Be4 Ne6 $1 {[%mdl 512]} 33. Nxh6+ gxh6 34. Rxe6 a2) 32. Be4 $17 Ra8 $36 {[%mdl 2048] Black is in control.} 33. Ra1 Ne6 (33... Rb2 $17 {White must now prevent ...Ne6!} 34. Nd6 Ra3) 34. Nxh6+ $2 {[%mdl 8192]} (34. Nd6 $1 $11 {and White has nothing to worry.}) 34... gxh6 $19 35. Rxe6 Rb2 36. Rxh6 (36. Rd6 {was worth a try.} Kg7 37. Rd7+ Kh8 38. Rd6) 36... Ra3 37. Rd6 Re3 38. Bd3 Rd2 39. c5 Rexd3 40. Rxd3 Rxd3 41. Rxa2 {[%mdl 4096] Endgame [#] KRB-KR} Kg7 $1 42. Rb2 Kf6 43. Rxb7 $2 (43. Kg2) 43... Bg8 44. Kg1 Rd2 45. Rb4 $2 (45. h3) 45... Kg5 46. h3 Bd5 47. Ra4 $2 (47. Rb7) 47... Rg2+ 48. Kf1 Rg3 49. Ra7 {and the idea Rh7 leaves White hopeful.} Rxh3 50. Rg7+ Kf4 {Hoping for ...Ke3.} 51. f6 $2 (51. Ke2 $19) 51... Ke5 $2 {Precision: White = 34%, Black = 40%.} (51... Ke3 {mates} 52. Re7+ Be4 53. Rxe4+ Kxe4 54. Ke2 Rf3 55. g5 Rf5 56. Kd1 Rxg5 57. Ke1 Rxc5 58. Ke2 Rf5 59. Kd2 Kd4 60. f7 Rxf7 61. Ke2 c5 62. Kd2 c4 63. Kc2 Rf2+ 64. Kd1 Kd3 65. Kc1 c3 66. Kb1 Rf1+ 67. Ka2 Kc4 68. Ka3 Ra1#) 0-1

[Event "EYCC Open U16 2018"]
[Site "Riga"]
[Date "2018.08.21"]
[Round "2"]
[White "Semjonovs, Ilja"]
[Black "Globus, Or"]
[Result "1/2-1/2"]
[WhiteElo "2242"]
[BlackElo "2402"]
[Annotator "TA"]
[PlyCount "46"]
[EventDate "2018.08.20"]
[EventType "swiss"]
[EventCountry "LAT"]
[SourceTitle "playchess.com"]
[Source "ChessBase"]
[SourceQuality "1"]

{[%evp 23,46,23,29,23,19,8,21,-24,-16,-26,-18,-17,-29,-18,0,0,0,0,7,6,2,2,7,6,14]} 1. e4 e5 2. Nf3 Nc6 3. Bb5 a6 4. Ba4 Nf6 5. O-O Bc5 6. c3 O-O 7. d4 Ba7 8. dxe5 {C78: Ruy Lopez: Archangelsk and Möller Defences} Nxe4 9. Qd5 Nc5 10. Bc2 Ne7 11. Qd1 d5 12. exd6 Qxd6 {LiveBook: 5 Games} 13. Qxd6 cxd6 14. Bf4 (14. Rd1 Bg4 15. Rxd6 Bf5 {½-½ (41) Karjakin,S (2782)-Carlsen,M (2843) Stavanger 2018}) 14... Bf5 {[#]} 15. Bxf5 $146 ({Predecessor:} 15. Na3 Bxc2 16. Nxc2 {½-½ (46) Grandelius,N (2646)-Gajewski,G (2588) Batumi 2018}) 15... Nxf5 16. Rd1 Rfe8 17. Kf1 Ne4 18. Nd4 $1 {[%cal Rd4f5]} Nxd4 {The position is equal.} 19. cxd4 Rac8 20. f3 Nf6 {...Nd5 is the strong threat.} 21. Nc3 Rc4 22. Bxd6 Rxd4 23. Bg3 Rb4 1/2-1/2

[Event "EYCC Open U16 2018"]
[Site "Riga"]
[Date "2018.08.21"]
[Round "2"]
[White "Ongut, Tamas Gunes"]
[Black "Salemgareev, Tagir"]
[Result "0-1"]
[WhiteElo "2208"]
[BlackElo "2375"]
[Annotator "TA"]
[PlyCount "55"]
[EventDate "2018.08.20"]
[EventType "swiss"]
[EventCountry "LAT"]
[SourceTitle "playchess.com"]
[Source "ChessBase"]
[SourceQuality "1"]

{[%evp 21,55,24,27,0,0,0,0,0,0,-68,-75,-57,-48,-139,-60,-166,-159,-339,-339,-371,-379,-370,-343,-384,-370,-355,-342,-501,-496,-493,-488,-744,-753,-1975,-855,-1010]} 1. e4 c5 2. Nf3 d6 3. d4 cxd4 4. Nxd4 Nf6 5. Nc3 a6 6. Bg5 Nbd7 7. Qe2 {B94: Sizilianisch (Najdorf-Variante mit 6.Lg5)} h6 8. Bh4 g6 9. f4 e5 (9... Qc7 10. O-O-O Bg7 11. g4 e5 12. fxe5 Nxe5 13. h3 Be6 14. Qf2 Nfd7 {½-½ (26) Carlsen,M (2842)-Svidler,P (2753) Biel 2018}) 10. fxe5 dxe5 11. O-O-O Qc7 {LiveBook: 77 Partien} 12. Nd5 Nxd5 13. exd5 Bd6 14. Nb3 O-O 15. Qd2 $146 (15. Kb1 $11) 15... Kh7 $15 16. Be2 a5 17. a4 {[#]} (17. Be7 $15) 17... f5 ({Besser ist} 17... Nb6 $1 $17 18. Rhf1 f5) 18. g4 ({Lieber} 18. Be7 $15) 18... Nb6 $19 19. gxf5 $2 (19. h3 $17) 19... Bxf5 20. Kb1 Rac8 21. Bd3 e4 22. Bb5 {[#]} e3 $1 {[%mdl 512]} 23. Qxe3 Bxc2+ ({Weniger gut wäre} 23... Qxc2+ 24. Ka2 $17) 24. Ka2 (24. Ka1 {war erzwungen.} Bf4 25. d6 Bxe3 26. dxc7) 24... Rf4 {Schwarz steht klar auf Gewinn.} 25. Bg3 Rb4 26. Bxd6 (26. Rc1 $142 Rxb3 27. Rxc2 Rxe3 28. Rxc7+ Bxc7 29. d6 Rxg3 30. hxg3 Bxd6 31. Re1) 26... Qxd6 27. Nd4 Nxa4 (27... Nc4 $142 28. Qg3 Rxb2+ 29. Ka1 Qb4 30. Bxc4 Rxc4) 28. Rde1 {Precision: Weiß = 16%, Schwarz = 68%.} 0-1

[Event "EYCC Open U16 2018"]
[Site "Riga"]
[Date "2018.08.21"]
[Round "2"]
[White "Masague Artero, Guerau"]
[Black "Baenziger, Fabian"]
[Result "0-1"]
[WhiteElo "2200"]
[BlackElo "2373"]
[Annotator "TA"]
[PlyCount "99"]
[EventDate "2018.08.20"]
[EventType "swiss"]
[EventCountry "LAT"]
[SourceTitle "playchess.com"]
[Source "ChessBase"]
[SourceQuality "1"]

{[%evp 26,99,-11,-10,25,21,6,0,0,0,2,12,19,0,0,0,0,0,0,-16,-9,-93,-88,-88,-90,-147,-131,-131,-146,-251,-248,-227,-191,-195,-200,-255,-255,-255,-170,-177,-179,-185,-186,-218,-218,-611,-614,-568,-277,-279,-264,-711,0,-29965,-29966,-29965,-29965,-29967,-29967,-29967,-29967,-29970,-29970,-29969,-29970,-29970,-29971,-29971,-29970,-29969,-29971,-29977,-29969,-29967,-29968,-4810]} 1. d4 Nf6 2. c4 e6 3. Nc3 Bb4 4. e3 O-O 5. Bd3 c5 6. Nf3 d5 7. O-O cxd4 8. exd4 dxc4 9. Bxc4 b6 10. Bg5 Bb7 11. a3 Be7 12. Qd3 Nc6 13. Rac1 Rc8 {E54: Nimzo-Indian: Rubinstein: Main Line: 7...dxc4 8 Bxc4} 14. Ba2 {[%cal Bc4a2,Ba2b1,Bb1d3][%mdl 32] LiveBook: 8 Games} Nb8 (14... h6 15. Be3 Bd6 16. Rfd1 Ne7 17. Ne5 Bxe5 18. dxe5 Qxd3 19. Rxd3 Nfd5 20. Bd2 Nxc3 21. Rdxc3 Rxc3 22. Bxc3 {½-½ (67) Le,Q (2737)-Ding,L (2777) Huaian 2017}) 15. Rfd1 Nbd7 $146 {The position is equal.} ({Predecessor:} 15... Nd5 16. Bb1 g6 17. Bh6 Re8 18. Ne4 Nf6 19. Rxc8 Qxc8 20. Ng3 Nbd7 21. h4 {1-0 (37) Meijers,V (2478)-Langer,W (2079) Griesheim 2000}) 16. Bb1 Re8 17. Ne5 Nxe5 18. dxe5 Qxd3 19. Bxd3 Nd5 20. Bxe7 Nxc3 21. Rxc3 Rxc3 22. bxc3 Rxe7 $11 {[%mdl 4096] Endgame KRB-KRB} 23. Be4 (23. Be2 $11 {keeps the balance.} g5 24. Rd4) 23... g6 24. Bxb7 Rxb7 $17 {KR-KR} 25. Rd8+ Kg7 26. h4 Rc7 27. Ra8 (27. Rd3 $17 {keeps fighting.}) 27... a5 $19 ({Inferior is} 27... Rxc3 28. Rxa7 h6 29. g3 $11) 28. Rb8 Rxc3 29. Rxb6 Rxa3 30. Ra6 h6 31. g3 g5 32. h5 Ra1+ 33. Kg2 a4 34. Ra7 a3 35. f4 $2 {[#]} (35. Ra8) 35... gxf4 36. gxf4 a2 (36... Kf8 $142 37. Ra8+ Kg7) 37. Ra8 f5 38. Ra7+ $2 (38. exf6+ Kxf6 39. Ra5) 38... Kf8 {...Ke8 is the strong threat.} 39. Ra8+ $2 {[%mdl 8192] [#]} (39. Ra6 $11 Ke7 40. Ra7+ Kd8 41. Kh2) 39... Ke7 {Black mates.} 40. Ra7+ Kd8 41. Ra8+ Kd7 42. Ra6 Kc7 43. Ra7+ Kb6 44. Ra8 Kc5 45. Ra4 Kb5 46. Ra8 Kb4 47. Rb8+ Kc3 48. Ra8 Kd3 49. Ra7 Ke4 50. Ra4+ {Precision: White = 42%, Black = 70%.} 0-1